Las nociones de estructura y génesis
Wedi'i Gadw mewn:
| Prif Awdur: | |
|---|---|
| Fformat: | Llyfr |
| Iaith: | Undetermined |
| Cyhoeddwyd: |
Buenos Aires, Argentina
Ediciones Nueva Visión
1975
|
| Pynciau: | |
| Tagiau: |
Ychwanegu Tag
Dim Tagiau, Byddwch y cyntaf i dagio'r cofnod hwn!
|
MARC
| LEADER | 00000nam a2200000Ia 4500 | ||
|---|---|---|---|
| 008 | 170316s9999 xx 000 0 und d | ||
| 090 | |a 100 G-34n | ||
| 100 | |a Goldmann, Lucien | ||
| 245 | |a Las nociones de estructura y génesis | ||
| 260 | |a Buenos Aires, Argentina | ||
| 260 | |b Ediciones Nueva Visión | ||
| 260 | |c 1975 | ||
| 300 | |a 192 páginas Vol. 1 | ||
| 650 | |a FILOSOFÍA | ||
| 999 | |c 16308 |d 16308 | ||
| 040 | |a cru BVZT | ||
| 942 | |c 15 D |h 100 G-34n |2 z | ||
